000 01027cam a2200253 4500
001 J12347
008 030616n2003 000 0 eng u
035 _a(Sirsi) u122594
041 _aeng.
050 _a614.78
_c18
100 _aLeventhall, Geoff
110 _aDEFRA
245 2 _aA review of published research on low frequency noise and its effects
260 _aLondon
_bDEFRA
_c2003
520 _aThis report looks at the impact of low frequency noise on annoyance, sleep patterns, stress and other aspects of human behaviour. It is aimed at low-frequency noise-sufferers, health professionals, environmental action groups, local authorities and acousticians.
650 _aNOISE
650 _aNOISE POLLUTION
650 _aNOISE NUISANCE
690 _aEnvironment
_96238
700 _aPelmear, Peter
700 _aBenton, Stephen
856 _uhttps://archive.defra.gov.uk/environment/quality/noise/research/lowfrequency/documents/lowfreqnoise.pdf
_zView the document on the DEFRA website.
942 _n0
999 _c102887
_d102887